Que a mão direita não sabia (Registo nº 18656)

Detalhes MARC
000 -Etiqueta do registo
Valores 00656nam a22002171i 4500
090 ## -
-- 18656
100 ## - Dados gerais de processamento
Dados gerais 20170304u u u0frey50 ba
101 0# - Língua de publicação
-- por
200 1# - Titulo e menção de responsabilidade
Primeira menção de responsabilidade Raúl Correia
Título próprio Que a mão direita não sabia
Informação de outro título Fantasia
-- Um homem de poucas palavras
210 ## - Publicação
Nome do editor Amigos do Livro
Local de publicação Lisboa
215 ## - Descrição física 
Paginação / Volumes [34] p.
Outras indicações físicas il.
Dimensões 27 cm
225 ## - Colecção 
Título próprio da colecção As histórias do avozinho
300 ## - Notas gerais 
Texto da nota Exemplar nº 0003989 em depósito / caixa 157
606 ## - Nome comum usado como assunto
ID Autoridade 187
Palavra de ordem Histórias para crianças
675 ## - CDU
Notação 8:087.5
-- 69
700 #1 - Autor principal (pessoa individual)
Apelido Correia
Nome Raúl
-- 070
Datas 1904-1985
701 #1 - Co-autor principal (pessoa individual)
Apelido Santos
Nome Carlos Alberto
-- 440
801 ## - Fonte de origem
País PT
Regras de catalogação RPC
990 ## - Elementos KOHA
Tipo de documento Livro
994 ## - Estado da catalogação
-- COMP
Exemplares
Situação do levantamento Estado Biblioteca de origem Biblioteca de empréstimo Código de barras Cota Permissão de empréstimo Tipo de documento Nota relativa ao exemplar
  Completo Biblioteca Municipal de Viana Do Alentejo Biblioteca Municipal de Viana Do Alentejo 0027174 8 COR Disponível Livro  
  Completo Biblioteca Municipal de Viana Do Alentejo Pólo Alcáçovas Biblioteca Municipal de Viana Do Alentejo Pólo Alcáçovas 0002189AL 8 COR Disponível Livro Em depósito - Caixa 363




Powered by Koha